[Event "POL-chT 2 Liga 2019"]
[Site "Poronin"]
[Date "2019.09.08"]
[Round "2.52"]
[White "Polkowski, Piotr"]
[Black "Kubica, Kamil"]
[Result "1-0"]
[WhiteElo "2109"]
[BlackElo "2099"]
[Annotator "NA"]
[PlyCount "71"]
[EventDate "2019.09.07"]
[EventType "team-tourn"]
[EventCountry "POL"]
[SourceTitle "playchess.com"]
[Source "ChessBase"]
[SourceQuality "1"]
[TimeControl "40/5400+30:1800+30"]

1. e4 {[%emt 0:00:28]} e5 {[%emt 0:00:00]} 2. Nf3 {[%emt 0:00:12]} Nc6 {[%emt 0:00:01]} 3. Bc4 {[%emt 0:00:15]} Bc5 {[%emt 0:00:37]} 4. d3 {[%emt 0:02:22]} Nf6 {[%emt 0:01:22]} 5. Nc3 {[%emt 0:00:51]} h6 {[%emt 0:04:22]} 6. O-O {[%emt 0:10:38]} d6 {[%emt 0:03:53]} 7. h3 {[%emt 0:00:09]} Na5 {[%emt 0:04:41]} 8. Bb3 {[%emt 0:00:04]} Nxb3 {[%emt 0:01:39]} 9. axb3 {[%emt 0:00:01]} a6 {[%emt 0:02:22]} 10. Be3 {[%emt 0:00:53]} Ba7 {[%emt 0:01:47]} 11. Bxa7 {[%emt 0:01:11]} Rxa7 {[%emt 0:00:08]} 12. d4 {[%emt 0:03:27]} Qe7 {[%emt 0:08:13]} 13. dxe5 {[%emt 0:01:28]} dxe5 {[%emt 0:00:12]} 14. Ra5 {[%emt 0:00:47]} Be6 {[%emt 0:31:36]} 15. Nxe5 {[%emt 0:21:38]} O-O {[%emt 0:01:11]} 16. Nd3 {[%emt 0:00:59]} b6 {[%emt 0:02:22]} 17. Ra1 {[%emt 0:01:20]} c5 {[%emt 0:00:37]} 18. Qf3 {[%emt 0:02:46]} Rd8 {[%emt 0:06:20]} 19. Rfd1 {[%emt 0:01:34]} Bc8 {[%emt 0:16:20]} 20. Nf4 {[%emt 0:09:17]} Rad7 {[%emt 0:03:54]} 21. Rxd7 {[%emt 0:00:49]} Nxd7 {[%emt 0:01:12]} 22. Nfd5 {[%emt 0:03:16]} Qe5 {[%emt 0:04:00]} 23. Rd1 {[%emt 0:03:26]} Re8 {[%emt 0:00:29]} 24. Qf4 {[%emt 0:00:47]} Qxf4 {[%emt 0:01:22]} 25. Nxf4 {[%emt 0:00:06]} Nf6 {[%emt 0:00:07]} 26. f3 {[%emt 0:00:16]} Bb7 {[%emt 0:02:09]} 27. Na4 {[%emt 0:03:17]} g5 {[%emt 0:00:09]} 28. Ne2 {[%emt 0:01:08]} Nxe4 {[%emt 0:02:23]} 29. fxe4 {[%emt 0:00:21]} Bxe4 {[%emt 0:00:05]} 30. Rd2 {[%emt 0:00:30]} Re6 {[%emt 0:00:31]} 31. Nec3 {[%emt 0:04:21]} Bg6 {[%emt 0:00:48]} 32. Nd5 {[%emt 0:00:39]} Re1+ {[%emt 0:00:26]} 33. Kf2 {[%emt 0:00:07]} Rc1 {[%emt 0:00:10]} 34. Ne7+ {[%emt 0:00:09]} Kg7 {[%emt 0:00:43]} 35. Nxg6 {[%emt 0:00:02]} Kxg6 {[%emt 0:00:44]} 36. Nxb6 {[%emt 0:00:05]} 1-0

[Event "POL-chT 2 Liga 2019"]
[Site "Poronin"]
[Date "2019.09.08"]
[Round "2.53"]
[White "Rawski, Slawomir"]
[Black "Grochowski, Kosma"]
[Result "0-1"]
[WhiteElo "2056"]
[BlackElo "1903"]
[Annotator "NA"]
[PlyCount "99"]
[EventDate "2019.09.07"]
[EventType "team-tourn"]
[EventCountry "POL"]
[SourceTitle "playchess.com"]
[Source "ChessBase"]
[SourceQuality "1"]
[TimeControl "40/5400+30:1800+30"]

1. Nf3 {[%emt 0:00:56]} d5 2. c4 {[%emt 0:00:09]} d4 {[%emt 0:02:51]} 3. e3 {[%emt 0:03:49]} c5 {[%emt 0:00:18]} 4. b4 {[%emt 0:01:12]} dxe3 {[%emt 0:09:17]} 5. fxe3 {[%emt 0:00:26]} cxb4 {[%emt 0:05:59]} 6. Be2 {[%emt 0:05:13]} e6 {[%emt 0:01:14]} 7. O-O {[%emt 0:00:29]} Nf6 {[%emt 0:03:15]} 8. Bb2 {[%emt 0:07:52]} Be7 {[%emt 0:01:34]} 9. Qc2 {[%emt 0:03:25]} Nbd7 {[%emt 0:11:19]} 10. Ng5 {[%emt 0:12:49]} Qa5 {[%emt 0:02:21]} 11. h4 {[%emt 0:06:40]} h6 {[%emt 0:10:22]} 12. Nxe6 {[%emt 0:17:48]} fxe6 {[%emt 0:00:07]} 13. Qg6+ {[%emt 0:00:07]} Kd8 {[%emt 0:00:50]} 14. Qxg7 {[%emt 0:00:15]} Rf8 {[%emt 0:21:33]} 15. Qxh6 {[%emt 0:01:28]} Qc7 {[%emt 0:00:39]} 16. a3 {[%emt 0:10:29]} Qg3 {[%emt 0:06:08]} 17. Qf4 {[%emt 0:11:05]} Nh5 {[%emt 0:07:11]} 18. Qxg3 {[%emt 0:02:44]} Rxf1+ {[%emt 0:00:15]} 19. Bxf1 {[%emt 0:00:22]} Nxg3 {[%emt 0:00:02]} 20. axb4 {[%emt 0:01:25]} Bxb4 {[%emt 0:05:26]} 21. Kf2 {[%emt 0:06:26]} Nxf1 {[%emt 0:00:39]} 22. Kxf1 {[%emt 0:00:06]} Be7 {[%emt 0:02:52]} 23. g3 {[%emt 0:00:26]} Nf6 {[%emt 0:02:13]} 24. d3 {[%emt 0:02:46]} Bd7 {[%emt 0:00:32]} 25. Nd2 {[%emt 0:00:34]} Bc6 {[%emt 0:02:28]} 26. e4 {[%emt 0:00:35]} Kd7 {[%emt 0:00:18]} 27. Nf3 {[%emt 0:00:24]} Ng4 {[%emt 0:00:26]} 28. Ke2 {[%emt 0:00:46]} a5 {[%emt 0:00:35]} 29. Nd4 {[%emt 0:01:18]} Rf8 {[%emt 0:02:22]} 30. Nxc6 {[%emt 0:01:01]} Rf2+ {[%emt 0:00:24]} 31. Ke1 {[%emt 0:00:48]} Kxc6 {[%emt 0:00:06]} 32. Bc3 {[%emt 0:01:13]} b6 {[%emt 0:01:26]} 33. d4 {[%emt 0:00:15]} Rf3 {[%emt 0:00:31]} 34. d5+ {[%emt 0:00:47]} exd5 {[%emt 0:00:28]} 35. cxd5+ {[%emt 0:00:23]} Kd7 {[%emt 0:00:39]} 36. Rc1 {[%emt 0:00:51]} Rxg3 {[%emt 0:00:29]} 37. Bd4 {[%emt 0:00:16]} Bb4+ {[%emt 0:00:20]} 38. Ke2 {[%emt 0:00:17]} Bc5 {[%emt 0:00:55]} 39. Bxc5 {[%emt 0:00:24]} bxc5 {[%emt 0:00:02]} 40. Rxc5 {[%emt 0:00:00]} Re3+ {[%emt 0:00:00]} 41. Kd2 {[%emt 0:00:33]} a4 {[%emt 0:12:44]} 42. Rc4 {[%emt 0:01:20]} a3 {[%emt 0:00:53]} 43. Ra4 {[%emt 0:02:59]} Rh3 {[%emt 0:04:41]} 44. Kc2 {[%emt 0:07:03]} Ne3+ {[%emt 0:08:06]} 45. Kb1 {[%emt 0:07:47]} Nd1 {[%emt 0:01:50]} 46. Kc2 {[%emt 0:02:29]} Ne3+ {[%emt 0:01:37]} 47. Kb1 {[%emt 0:00:06]} Nd1 {[%emt 0:00:03]} 48. Kc2 {[%emt 0:00:39]} Nb2 {[%emt 0:00:03]} 49. Ra6 Nc4 50. Ra4 0-1

[Event "POL-chT 2 Liga 2019"]
[Site "Poronin"]
[Date "2019.09.08"]
[Round "2.54"]
[White "Fraczek, Weronika"]
[Black "Dziodzio, Angelika"]
[Result "0-1"]
[WhiteElo "1875"]
[BlackElo "2117"]
[Annotator "NA"]
[PlyCount "106"]
[EventDate "2019.09.07"]
[EventType "team-tourn"]
[EventCountry "POL"]
[SourceTitle "playchess.com"]
[Source "ChessBase"]
[SourceQuality "1"]
[TimeControl "40/5400+30:1800+30"]

1. e4 {[%emt 0:00:00]} d6 {[%emt 0:00:00]} 2. d4 {[%emt 0:00:00]} Nf6 {[%emt 0:00:00]} 3. Nc3 {[%emt 0:00:00]} Nbd7 {[%emt 0:00:00]} 4. Be3 {[%emt 0:01:52]} e5 {[%emt 0:01:15]} 5. dxe5 {[%emt 0:03:26]} dxe5 {[%emt 0:05:38]} 6. Bc4 {[%emt 0:02:45]} Bb4 {[%emt 0:00:43]} 7. Nge2 {[%emt 0:04:22]} O-O {[%emt 0:02:34]} 8. a3 {[%emt 0:04:15]} Bxc3+ {[%emt 0:01:25]} 9. Nxc3 {[%emt 0:00:53]} c6 {[%emt 0:00:23]} 10. f3 {[%emt 0:02:51]} Qe7 {[%emt 0:02:27]} 11. O-O {[%emt 0:01:42]} b5 {[%emt 0:07:13]} 12. Be2 {[%emt 0:06:20]} Rd8 {[%emt 0:06:16]} 13. Qe1 {[%emt 0:01:56]} Nf8 {[%emt 0:05:15]} 14. Qf2 {[%emt 0:04:17]} Be6 {[%emt 0:07:42]} 15. a4 {[%emt 0:04:43]} b4 {[%emt 0:02:30]} 16. Na2 {[%emt 0:03:29]} Bxa2 {[%emt 0:05:10]} 17. Rxa2 {[%emt 0:00:13]} Ne6 {[%emt 0:00:07]} 18. g3 {[%emt 0:03:50]} c5 {[%emt 0:06:22]} 19. a5 {[%emt 0:08:17]} Qc7 {[%emt 0:02:57]} 20. Bc4 {[%emt 0:01:02]} Nd4 {[%emt 0:01:47]} 21. c3 {[%emt 0:02:49]} Nc6 {[%emt 0:01:32]} 22. Rfa1 {[%emt 0:02:21]} Rd7 {[%emt 0:06:45]} 23. Bxc5 {[%emt 0:03:52]} Rad8 {[%emt 0:00:07]} 24. Be2 {[%emt 0:02:31]} Rd2 {[%emt 0:04:43]} 25. Bxb4 {[%emt 0:11:09]} Nxb4 {[%emt 0:04:24]} 26. cxb4 {[%emt 0:00:06]} R8d4 {[%emt 0:00:08]} 27. b5 {[%emt 0:08:12]} h6 {[%emt 0:03:06]} 28. Qe1 {[%emt 0:03:33]} Qc5 {[%emt 0:01:49]} 29. Kf1 {[%emt 0:00:46]} g5 {[%emt 0:04:33]} 30. g4 {[%emt 0:08:56]} h5 {[%emt 0:01:22]} 31. Rc1 {[%emt 0:00:50]} Qb4 {[%emt 0:00:26]} 32. h3 {[%emt 0:00:57]} hxg4 {[%emt 0:03:51]} 33. hxg4 {[%emt 0:02:38]} Nxe4 {[%emt 0:00:34]} 34. Ra3 {[%emt 0:01:27]} Qxb2 35. Rc8+ {[%emt 0:00:21]} Kg7 {[%emt 0:02:28]} 36. Re3 {[%emt 0:00:44]} Nd6 {[%emt 0:03:51]} 37. Rc5 {[%emt 0:00:28]} Ra4 {[%emt 0:01:43]} 38. Rc1 {[%emt 0:00:29]} Qd4 {[%emt 0:00:53]} 39. Rec3 {[%emt 0:00:33]} Raa2 {[%emt 0:00:57]} 40. Rd3 {[%emt 0:00:00]} Rxd3 {[%emt 0:00:00]} 41. Bxd3 {[%emt 0:02:12]} Qxd3+ {[%emt 0:00:30]} 42. Kg1 {[%emt 0:00:17]} Re2 {[%emt 0:00:10]} 43. Qc3 {[%emt 0:01:40]} Qxc3 {[%emt 0:01:30]} 44. Rxc3 {[%emt 0:00:05]} Nxb5 {[%emt 0:00:07]} 45. Rc5 {[%emt 0:01:57]} Nd4 {[%emt 0:00:26]} 46. Kf1 {[%emt 0:00:34]} Re3 {[%emt 0:00:32]} 47. Rc7 {[%emt 0:00:38]} Rxf3+ {[%emt 0:00:13]} 48. Ke1 {[%emt 0:00:24]} Ra3 {[%emt 0:00:57]} 49. Rxa7 {[%emt 0:00:46]} e4 {[%emt 0:00:39]} 50. Rd7 {[%emt 0:00:55]} Ne6 {[%emt 0:00:14]} 51. Rd5 {[%emt 0:00:30]} e3 {[%emt 0:00:09]} 52. Re5 {[%emt 0:00:27]} Kf6 {[%emt 0:00:19]} 53. Re4 {[%emt 0:00:34]} Nf4 {[%emt 0:00:13]} 0-1

[Event "POL-chT 2 Liga 2019"]
[Site "Poronin"]
[Date "2019.09.09"]
[Round "3.1"]
[White "Chojnacki, Krzysztof"]
[Black "Pakleza, Zbigniew"]
[Result "1/2-1/2"]
[WhiteElo "2362"]
[BlackElo "2491"]
[Annotator "TA"]
[PlyCount "19"]
[EventDate "2019.09.07"]
[EventType "team-tourn"]
[EventCountry "POL"]
[SourceTitle "playchess.com"]
[Source "ChessBase"]
[SourceQuality "1"]

{[%evp 16,19,16,0,39,0]} 1. d4 d5 2. c4 c6 3. Nc3 Nf6 4. Nf3 a6 5. c5 Nbd7 6. Bf4 Nh5 7. Bd2 Nhf6 8. Bf4 $146 ({Predecessor:} 8. Qc2 g6 9. g3 Bg7 10. Bg2 O-O 11. O-O b6 12. cxb6 Nxb6 13. Ne5 Bf5 14. e4 dxe4 15. Nxc6 {½-½ (35) Postny,E (2621)-Malakhov,V (2666) Biograd 2018}) 8... Nh5 9. Bd2 Nhf6 {D15: Slav Defence: 4 Nc3 a6 and gambit lines after 4 Nc3 dxc4} 10. Bf4 1/2-1/2

[Event "POL-chT 2 Liga 2019"]
[Site "Poronin"]
[Date "2019.09.09"]
[Round "3.2"]
[White "Jakubiec, Artur"]
[Black "Raczynski, Krzysztof"]
[Result "1/2-1/2"]
[WhiteElo "2472"]
[BlackElo "2244"]
[Annotator "TA"]
[PlyCount "45"]
[EventDate "2019.09.07"]
[EventType "team-tourn"]
[EventCountry "POL"]
[SourceTitle "playchess.com"]
[Source "ChessBase"]
[SourceQuality "1"]

{[%evp 20,45,0,-3,0,0,0,-17,-10,-17,-17,-13,-8,-12,-9,-27,-28,-23,-18,-18,0,0,0,-23,-3,-12,0,-6]} 1. e4 c5 2. c3 Nf6 3. e5 Nd5 4. Nf3 Nc6 5. d4 cxd4 6. cxd4 d6 7. Bc4 Nb6 8. Bb5 dxe5 9. Nxe5 Bd7 10. Bxc6 Bxc6 11. O-O e6 {B22: Sicilian: 2 c3} (11... Bd5 12. Nc3 g6 13. a4 a5 14. Qe2 Rc8 15. Qb5+ Bc6 16. Nxc6 bxc6 17. Qe5 f6 18. Qxa5 Kf7 19. Qa6 {1-0 (40) Sevillano,E (2526)-Amanov,M (2516) Los Angeles 2012}) 12. Qg4 h5 13. Qf4 {[%csl Ge5][%cal Rf4f7] [#]} Qf6 14. Nxc6 {aiming for Ne5.} Qxf4 15. Bxf4 {Threatens to win with Ne5.} bxc6 16. Rc1 $146 ({Predecessor:} 16. Nc3 Rd8 17. Rfd1 Nd5 18. Nxd5 Rxd5 19. Rac1 {1-0 (60) Duong,T (2053)-Nguyen,L (1552) Ho Chi Minh 2017}) 16... Nd5 17. Be3 Kd7 18. Nd2 Bd6 19. Nc4 Rab8 20. Rc2 Rhc8 21. a3 f6 22. b4 Rb5 23. Bd2 {Accuracy: White = 72%, Black = 54%.} 1/2-1/2

[Event "POL-chT 2 Liga 2019"]
[Site "Poronin"]
[Date "2019.09.09"]
[Round "3.3"]
[White "Bardeli, Lukasz"]
[Black "Tymrakiewicz, Rafal"]
[Result "0-1"]
[WhiteElo "2144"]
[BlackElo "2257"]
[Annotator "TA"]
[PlyCount "138"]
[EventDate "2019.09.07"]
[EventType "team-tourn"]
[EventCountry "POL"]
[SourceTitle "playchess.com"]
[Source "ChessBase"]
[SourceQuality "1"]

{[%evp 15,138,29,41,21,54,29,55,24,39,49,46,25,37,16,18,13,29,-20,-14,-10,-12,-37,-37,-113,-114,-130,-79,-130,-127,-137,0,-66,-40,-110,-29,-40,-35,-98,4,8,10,4,0,16,43,41,42,42,71,75,84,0,21,0,96,84,92,87,106,94,187,92,94,81,172,178,158,89,144,94,137,95,101,99,125,0,0,0,0,0,0,-32,0,-41,-53,-68,-51,-81,-29,-123,-115,-125,-122,-134,-124,-388,-353,-374,-374,-459,-458,-442,-367,-434,-400,-457,-457,-1018,-766,-877,-754,-12821,-12839,-6440,-12799,-6700,-6346,-5625,-5173,-723,-705,-654,-640,-640,-600]} 1. Nf3 d5 2. g3 g6 3. d4 Bg7 4. c4 Nf6 5. cxd5 Nxd5 6. Bg2 O-O 7. O-O Nb6 8. Nc3 c6 9. e3 {D74: Fianchetto Grünfeld: Main Line (5 Nf3 0-0 6 cxd5 Nxd5 7 0-0)} a5 10. b3 N8d7 {[%cal Bb8d7,Bd7f6,Bf6d5][%mdl 32]} 11. Ba3 $146 {White is slightly better.} ({Predecessor:} 11. Qc2 Nf6 12. e4 Bg4 13. Be3 Nfd7 14. h3 Bxf3 15. Bxf3 e5 16. dxe5 Bxe5 {½-½ (44) Csonka,B (2267)-Lorand,N (2364) Budapest 2010}) 11... Re8 12. Qc2 Nf6 13. Rfd1 Nfd5 14. Ne4 Bf5 15. Nh4 Bg4 16. Re1 (16. Rd2 {feels hotter.} Qc8 17. Rc1 Bh6 18. Re1 a4 19. Rd3) 16... Nb4 17. Bxb4 axb4 18. h3 Bc8 19. Red1 (19. Nf3 $15) 19... Nd5 $17 20. Rd2 Ra3 (20... Qc7 $142 21. Nf3 Bf5) 21. Nc5 (21. Rc1 $142) 21... Nc3 22. Ne4 Nd5 (22... Nxe4 $17 23. Qxe4 Qa5) 23. Nc5 $1 $15 Qd6 24. Re1 ({White should try} 24. Qc4 $15) 24... Rd8 (24... Nc3 $17 25. Ne4 Nxe4 26. Qxe4 e5) 25. Na4 Qc7 26. e4 (26. Kh2 $15) 26... Nc3 (26... Nb6 $17 27. Nxb6 Qxb6) 27. Nxc3 $11 bxc3 28. Qxc3 Qb6 {[%cal Rg7d4]} 29. Nf3 Qa7 30. Ree2 Bh6 31. Rc2 Bg7 {[%cal Rg7d4]} 32. Qb4 Bf8 33. Qc3 ({White should play} 33. Qd2 $16) 33... Bg7 34. Qb4 (34. Qc5 $11) 34... Bf8 $1 $16 {With the idea ...e5.} 35. Qd2 Be6 36. Qf4 Qa5 37. Red2 Qh5 (37... h6 $16) 38. g4 (38. Ng5 $18 {is more deadly.}) 38... Qa5 39. h4 f6 (39... Bg7 $16) 40. g5 $18 Bg7 {[#]} 41. Qg3 (41. d5 $142 $1 {[%mdl 512]} cxd5 42. gxf6 Bxf6 43. Ng5) 41... Rf8 ({Better is} 41... Qb4) 42. Bf1 f5 43. e5 f4 44. Qh2 Bd5 45. Bc4 $2 (45. Qh3 $16) 45... Bxc4 $15 46. Rxc4 Rxa2 47. Rxa2 Qxa2 48. Qh3 Rf5 49. Rb4 b5 50. d5 $1 {[%cal Rd5c6]} Qa3 51. Rd4 Bxe5 (51... Qxb3 $2 52. dxc6 Qc3 53. Rd8+ Bf8 54. Rc8 $18) (51... c5 $17 52. Rd2 Qxb3) 52. Rd3 (52. Re4 $11) 52... c5 $36 {[%mdl 2048] And now ...c4 would win. Black is really pushing.} 53. h5 {aiming for hxg6.} c4 54. hxg6 hxg6 55. Qh6 $2 {[%mdl 8192] [#]} (55. Rd1 $17) 55... Qd6 $1 $19 ({Not} 55... cxd3 56. Qxg6+ Bg7 57. Qxf5 $16) 56. bxc4 bxc4 57. Ra3 {[#] Intending Ra8+ and mate.} Bg7 $1 {[%cal Rg7h6]} ({Weaker is} 57... Qxa3 58. Qxg6+ Bg7 59. Qxf5 $11) 58. Ra8+ Rf8 59. Rxf8+ Kxf8 60. Qh3 {White wants to play Qc8+.} Qxd5 {Black is clearly winning.} 61. Qc8+ (61. Qg4 $142 c3 62. Qxf4+ Kg8 63. Ne1) 61... Kf7 62. Kg2 Qe6 63. Qc7 Qg4+ 64. Kf1 Qxf3 65. Qxc4+ e6 66. Qc7+ Kg8 67. Qc8+ Kh7 68. Qxe6 Qh1+ 69. Ke2 Qh5+ {Accuracy: White = 35%, Black = 46%.} 0-1

[Event "POL-chT 2 Liga 2019"]
[Site "Poronin"]
[Date "2019.09.09"]
[Round "3.4"]
[White "Szoen, Dariusz"]
[Black "Butyrowski, Marcel"]
[Result "1-0"]
[WhiteElo "2415"]
[BlackElo "1873"]
[Annotator "TA"]
[PlyCount "65"]
[EventDate "2019.09.07"]
[EventType "team-tourn"]
[EventCountry "POL"]
[SourceTitle "playchess.com"]
[Source "ChessBase"]
[SourceQuality "1"]

{[%evp 14,65,53,52,60,43,66,50,72,69,88,88,113,129,155,164,170,143,118,109,139,135,166,85,97,79,362,372,367,376,431,421,431,430,408,374,496,492,497,493,499,499,455,472,464,450,821,818,783,787,829,823,3752,2669]} 1. e4 c5 2. Nc3 Nc6 3. Bb5 g6 4. Bxc6 dxc6 5. f4 Bg7 6. Nf3 Nf6 7. O-O O-O 8. d3 Qc7 {B21: Sicilian: 2 f4 and Morra Gambit} 9. Kh1 b6 10. Qe1 Bg4 $146 {White is slightly better.} ({Predecessor:} 10... Nh5 11. f5 gxf5 12. Qh4 Nf6 13. e5 Ng4 14. Bf4 Kh8 15. h3 Nxe5 16. Bxe5 Bxe5 17. Ng5 {1-0 (17) Guseinov,G (2664)-Limanovska,E (2111) Tallinn 2019}) 11. Qh4 Bxf3 12. Rxf3 Rad8 13. f5 $1 c4 14. Bf4 (14. dxc4 $6 Rd4 $14) 14... Qd7 {[%cal Rc4d3]} 15. g4 (15. dxc4 $6 Qd4 $14) 15... h5 16. h3 (16. dxc4 Nxg4 17. h3 Bf6 $11) 16... Nh7 17. gxh5 gxf5 18. Rg1 (18. e5 $1 $18 {aiming for h6.} Kh8 19. h6 (19. dxc4 Qe6 $18) 19... Bxe5 {[%mdl 64] Remove Defender} 20. Bxe5+ f6 21. Bh2) 18... Kh8 $16 {[#]} 19. e5 $1 $40 {[%mdl 128] And now Rfg3 would win. White goes for the king.} ({Much weaker is} 19. Qg3 $6 Bxc3 20. bxc3 Rg8 $11) 19... Qd4 $2 {[%mdl 8192]} (19... Qe6 $16) 20. Qe1 $18 ({Not} 20. Qxe7 Rde8 $16) 20... Rg8 21. h6 Bf8 22. Rxg8+ Kxg8 23. Qe2 Kh8 24. Qg2 e6 25. Rg3 {[%csl Gg2][%cal Rg3g8] White is clearly winning.} Bc5 {[#]} 26. Rg7 $1 {[%cal Rg7h7] Intending Rxh7+! and mate.} Qg1+ 27. Qxg1 Bxg1 28. Kxg1 cxd3 29. cxd3 Rxd3 (29... Rg8 $142 30. Rxg8+ Kxg8) 30. Rxf7 Rxh3 31. Rxa7 Nf8 32. Ne2 Ng6 33. Bg5 {Accuracy: White = 78%, Black = 25%.} 1-0

[Event "POL-chT 2 Liga 2019"]
[Site "Poronin"]
[Date "2019.09.09"]
[Round "3.5"]
[White "Wojdak, Jan"]
[Black "Gmaj, Krzysztof"]
[Result "1-0"]
[WhiteElo "1973"]
[BlackElo "2120"]
[Annotator "TA"]
[PlyCount "79"]
[EventDate "2019.09.07"]
[EventType "team-tourn"]
[EventCountry "POL"]
[SourceTitle "playchess.com"]
[Source "ChessBase"]
[SourceQuality "1"]

{[%evp 9,89,22,22,25,24,24,27,0,0,8,5,6,0,8,10,7,13,14,2,4,0,0,0,0,0,0,0,0,0,0,0,0,0,-4,8,7,344,344,344,352,345,356,356,353,353,350,548,318,458,450,536,527,506,501,615,617,617,616,585,573,610,645,4918,665,29995,29991,29991,29992,29992,29993,29994,29994,29995,1941,29996,29997,29997,29998,29998,29997,29997,29998]} 1. e4 e6 2. d4 d5 3. Nd2 h6 (3... c5 4. Ngf3 cxd4 5. Nxd4 Nc6 6. Bb5 Bd7 7. Nxc6 bxc6 8. Bd3 Qc7 9. Qe2 Ne7 10. Nf3 Ng6 11. e5 c5 12. c4 dxc4 13. Bxc4 Be7 14. h4 Bc6 15. h5 Nf8 16. h6 g6 {1-0 (33) Navara,D (2734)-Vitiugov,N (2727) Riga 2019}) 4. c3 c5 5. exd5 exd5 6. Bb5+ {C03: French Tarrasch: Unusual Black 3rd moves} Bd7 7. Qe2+ Be7 8. Bxd7+ $146 {White has an edge.} (8. dxc5 {with more complications.} Nf6 9. Ngf3 O-O 10. Nb3 Bxb5 11. Qxb5 Qc7 12. O-O) ({Predecessor:} 8. dxc5 Nf6 9. Nb3 O-O 10. Nf3 Re8 11. Be3 {1-0 (40) Yemelin,V (2570)-Meister,P (2396) Bad Wiessee 2009}) 8... Nxd7 9. Ngf3 Ngf6 10. O-O O-O 11. dxc5 Nxc5 12. Nb3 Nce4 13. Nbd4 Re8 14. Be3 Ng4 15. h3 Nxe3 16. Qxe3 Bc5 17. Rfe1 Qf6 18. Qd3 Rad8 19. Re2 a6 20. Rae1 Kf8 21. Nd2 {[%cal Rd2e4]} Bxd4 22. cxd4 {[%cal Rd2e4]} Nxd2 $2 {[%mdl 8192]} (22... Qc6 $11 {and Black stays safe.}) 23. Qa3+ $18 ({Stronger than} 23. Qxd2 Rxe2 24. Rxe2 (24. Qxe2 Rc8 $11) 24... Rc8 $11) 23... Kg8 {Hoping for ...Rxe2.} 24. Rxe8+ Rxe8 25. Rxe8+ {[%mdl 4096] Endgame KQR-KQN} Kh7 26. Qd3+ Ne4 27. Qf3 ({Less strong is} 27. f3 Qc6 $16) 27... Qg5 (27... Kg6 $142 28. Qxf6+ Kxf6) 28. Rc8 f5 {[#]} (28... Qg6 {might work better.} 29. Rc7 Ng5 30. Qxd5 Nxh3+ 31. Kh2 Ng5 32. Rxb7 (32. Qxb7 Qh5+ 33. Kg3 Ne6 $11) 32... Qh5+ 33. Kg3 Qg6) 29. h4 $1 Qf6 (29... Qxh4 30. Qxf5+) 30. Qf4 Kg6 31. g3 Qxd4 {[#]} 32. h5+ $1 {[%mdl 576] Decoy} Kxh5 33. Qxf5+ Ng5 {and the idea ...g6 leaves Black hopeful.} 34. Rd8 Qd1+ 35. Kg2 d4 {[#]} 36. Rd5 $1 Qd2 37. Qh3+ Kg6 38. Rd6+ Kf7 39. Qf5+ Ke7 {[#]} 40. Rd7+ {Played: Qf5-e5} 1-0

[Event "POL-chT 2 Liga 2019"]
[Site "Poronin"]
[Date "2019.09.09"]
[Round "3.6"]
[White "Kubicka, Anna"]
[Black "Szelag, Zuzanna"]
[Result "1-0"]
[WhiteElo "2225"]
[BlackElo "1824"]
[Annotator "TA"]
[PlyCount "81"]
[EventDate "2019.09.07"]
[EventType "team-tourn"]
[EventCountry "POL"]
[SourceTitle "playchess.com"]
[Source "ChessBase"]
[SourceQuality "1"]

{[%evp 13,81,28,44,39,50,45,46,33,49,16,3,4,8,-24,16,16,8,8,36,0,219,190,205,195,192,189,293,293,359,342,343,359,372,339,331,322,300,186,673,644,678,649,747,691,2353,2409,2191,2170,1933,1925,1285,1087,5631,1028,2334,1595,29963,29964,29964,29965,29957,6464,6464,6436,29972,29976,29975,5314,29997,29998]} 1. Nf3 d6 2. d4 Nf6 3. c4 g6 4. Nc3 Bg7 5. e4 O-O 6. h3 e5 7. d5 Nh5 8. g3 {E90: King's Indian: Classical: Early deviations and 6 h3} Na6 9. Be2 (9. Nh2 Nc5 10. Be3 a5 11. Be2 Nf6 12. Bf3 Ne8 13. g4 f5 14. gxf5 gxf5 15. exf5 Bxf5 16. Bxc5 dxc5 {½-½ (79) Postny,E (2623)-Guseinov,G (2664) chess.com INT 2019}) 9... f5 10. exf5 {White is slightly better.} gxf5 11. Nh4 Nf4 12. gxf4 Qxh4 13. Be3 $146 ({Predecessor:} 13. fxe5 Bxe5 14. Rg1+ Kh8 15. Bg5 Qxh3 {1-0 (26) Matinian,N (2478)-Gladyszev,O (2426) Elets 2014}) 13... Nb4 (13... exf4 $5 14. Bd4 $8 Bf6 $11) 14. Rg1 $36 {[%mdl 2048] White is pushing.} Kh8 15. Nb5 {Rxg7! is the strong threat.} Bd7 {And now ...Bxb5 would win.} 16. Qd2 (16. Nxc7 exf4 17. Bd4 Nc2+ 18. Qxc2 Bxd4 $17) (16. Rxg7 $5 Kxg7 17. Nxc7 $11) 16... Bxb5 $2 (16... exf4 $11 {and Black has nothing to worry.} 17. Bd4 Bxd4 18. Qxd4+ Qf6) 17. cxb5 $18 a5 {[#] Strongly threatening ...exf4.} 18. Rxg7 $1 {[%mdl 512]} Kxg7 19. a3 Qxh3 (19... Na2 $142) 20. O-O-O Rg8 21. axb4 axb4 22. Qxb4 Ra1+ 23. Kc2 Rxd1 24. Bxd1 Qh1 25. f3 {Hoping for fxe5.} Kh8 $2 (25... Qg2+ 26. Bd2 e4) 26. fxe5 dxe5 {[#]} 27. Qe7 $1 Qh2+ 28. Bd2 h5 29. Qf6+ Rg7 30. Qf8+ Kh7 31. Qxf5+ Kg8 32. Qe6+ Kh7 33. Kc1 (33. Kc3 $142 e4 34. Bc2 $1 {[%mdl 512]}) 33... Qg1 34. Qxe5 Kg8 35. Qe8+ Kh7 36. Qxh5+ Kg8 37. Qe8+ Kh7 38. Qe4+ Kg8 39. Qe6+ Kh7 {[#]} 40. Bc3 (40. b6 $142 $1 cxb6 41. d6 Rg5 42. Qe4+ Kg7 43. Bc3+ Kh6 44. d7 Rg8 45. Qh4+ Kg6 46. Qf6+ Kh5 47. f4+ Qxd1+ 48. Kxd1) 40... Qc5 41. Bc2+ {Accuracy: White = 67%, Black = 30%.} 1-0